000 00286nam a22001337a 4500
008 171003b xxu||||| |||| 00| 0 eng d
020 _a9780520075993
041 _aeng
080 _a159.9
100 _a48
101 _aPSI
245 _aTHEORY OF CULTURE
_cMUNCH,R
942 _2udc
_cBK
999 _c31469
_d31469